Statistics for Countries That Have Controlled Moscow

Click here to take the quiz!

General Stats

  • This quiz has been taken 51 times
  • The average score is 9 of 14

Answer Stats

Years ControlledCountry% Correct
1922 - 1991Soviet Union
96%
1721 - 1812Russian Empire
83%
1812 - 1917Russian Empire
83%
1991 - presentRussian Federation
83%
1612 - 1721Tsardom of Russia
83%
1547 - 1610Tsardom of Russia
83%
1812French Empire
78%
c. 1238 - 1264Mongol Empire
76%
1462 - 1547Muscovy
54%
c. 910 - c. 1238Kievan Rus'
46%
1264 - 1462Golden Horde
43%
1610 - 1612Poland-Lithuania
35%
1917Bolsheviks
26%
1918 - 1922Russian SFSR
26%

Score Distribution

Percentile by Number Answered

Percent of People with Each Score

Your Score History

You have not taken this quiz